Implementación del modelo dinámico de biodigestión anaerobia ADM1 utilizando MATLAB/Simulink
محفوظ في:
| المؤلف الرئيسي: | |
|---|---|
| مؤلفون آخرون: | |
| التنسيق: | كتاب |
| اللغة: | Spanish |
| منشور في: |
San José, [Costa Rica]
2016
|
| الموضوعات: | |
| الوسوم: |
إضافة وسم
لا توجد وسوم, كن أول من يضع وسما على هذه التسجيلة!
|
MARC
| LEADER | 00000nam a22000007a 4500 | ||
|---|---|---|---|
| 003 | 012661 | ||
| 005 | 20230818091347.0 | ||
| 008 | 170926b2016 cr a|||| |m|| 00| ||spa d | ||
| 040 | |c cru CEDI | ||
| 100 | |9 888 |a Feoli Grant, Daniela, 1994- | ||
| 245 | |a Implementación del modelo dinámico de biodigestión anaerobia ADM1 utilizando MATLAB/Simulink | ||
| 260 | |a San José, [Costa Rica] |c 2016 | ||
| 300 | |a xi, 54 hojas ; ilustraciones | ||
| 500 | |a Proyecto de graduación (bachillerato en ingeniería eléctrica)--Universidad de Costa Rica. Facultad de Ingeniería. Escuela de Ingeniería Eléctrica | ||
| 501 | |a Profesor Guía de IE-0499 Proyecto Eléctrico: Dr. José David Rojas Fernández | ||
| 650 | |x DIGESTION ANAEROBIA |x SIMULACION POR COMPUTADORA |x CONTROL AUTOMATICO |x MATLAB (PROGRAMAS PARA COMPUTADORA) |9 9914 | ||
| 700 | |a Rojas Fernández, José David, 1984- |d Director de Proyecto Eléctrico |9 701 | ||
| 942 | |c CEDI |h TFG 7812 |6 TFG_7812_000000000000000 | ||
| 999 | |c 19008 |d 19008 | ||
